Matematika príprava na univerzitné štúdium 3

Bibliographic Details
Main Author: Marko, Ľubomír, 1952- (Author)
Format: Book
Language:Slovak
PhysicalDescription:83 s. 30 cm
Published: Bratislava Slovenská technická univerzita [1998]
ISBN:8022714542
Edition:2. vyd., 1. dotl.
Series:Edícia príručiek / Slovenská technická univerzita
Subjects:

MARC

LEADER 00000nam a2200000 a 4500
001 vtls001412709
003 SK-MaSNL
005 20260301202242.0
008 240226s2000 xo a y slo
015 |a SNBA2001/07-02634 
020 |a 8022714542 
035 |a SNK000367426 
035 |a urn:nbn:sk:snk-amtkrj 
035 |a urn:nbn:sk:snk-am00c7ot 
035 |a C07BE338-7910-4092-A93F-7788D781A6B2 
040 |a SNK  |b slo  |c SNK  |e AACR2 
041 0 |a slo 
044 |a xo  |c SK 
080 |a 514(035)  |2 1981 
245 0 0 |a Matematika  |b príprava na univerzitné štúdium  |n 3  |c Ľubomír Marko ... [et al.] 
250 |a 2. vyd., 1. dotl. 
260 |a Bratislava  |b Slovenská technická univerzita  |c [1998]  |g 2000 
300 |a 83 s.  |c 30 cm 
490 1 |a Edícia príručiek / Slovenská technická univerzita 
500 |a 300 výt. 
504 |a Bibliogr. s. 81 
650 0 7 |a geometria  |x príručky  |2 SNK  |9 583984 
650 0 7 |a matematika  |x príručky  |2 SNK  |9 464824 
655 7 |a príručky  |2 SNK  |9 74364 
700 1 |a Marko, Ľubomír,  |d 1952-  |4 aut  |9 195122 
810 2 |a Slovenská technická univerzita v Bratislave  |t Edícia príručiek  |9 195104 
919 |a 80-227-1454-2 
958 |a TL 
958 |a NB 
999 |c 898113  |d 900043 
952 |t P60, <03>, [BOOK], {603}  |a SNK  |b SNK  |y PREZ  |7 0  |p 17A0300760  |o snkSB 63458/3  |i snkKSP 6276/2001  |0 0  |1 0  |4 0  |d 2001-05-18  |f 1  |l 0  |r 2025-04-15 00:00:00  |w 2026-02-24 
952 |t P60, <04>, [BOOK], {604}  |a SNK  |b SNK  |y VYP  |7 0  |p 17A0300759  |o snkSB 63458/3 D1  |i snkKSP 6277/2001  |0 0  |1 0  |4 0  |d 2001-05-18  |l 0  |r 2005-01-02 00:00:00  |w 2026-02-24